| 000 | 00673nam a2200229 a 4500 | ||
|---|---|---|---|
| 001 | BRCA_7708 | ||
| 005 | 20190320205945.0 | ||
| 008 | 230813s1949----enka######---#000-0#eng-# | ||
| 041 | _aeng | ||
| 044 | _aenk | ||
| 050 | 4 |
_aNK7144 _b.Ch37 1949 |
|
| 245 | 1 | 0 |
_aCharles II domestic silver _cVictoria and Albert Museum. |
| 260 |
_aLondres _bH. M. Stationery Office _c1949 |
||
| 300 |
_a1 v. _bil., 28 láminas _c18 cm. |
||
| 440 | 0 |
_aIts small picture book _v17 _919056 |
|
| 500 | _aU45 | ||
| 650 | 1 | 4 |
_aPlatería inglesa _97768 |
| 650 | 1 | 4 |
_aGalerías y museos _zInglaterra _919057 |
| 710 | 2 |
_aVictoria and Albert Museum (Londres) _919058 |
|
| 902 | _aGFM | ||
| 942 |
_2lcc _cB |
||
| 999 |
_c7382 _d7382 |
||